[Event "AUTO-ADV-3886"]
[Site "http://www.queenalice.com/game.php?id=1491372"]
[Date "2017.8.24"]
[Round "1"]
[White "Igor2000"]
[Black "Santista38"]
[Result "1-0"]
[WhiteElo "1986"]
[BlackElo "1921"]

1. e4 e5 2. Nf3 d6 3. d4 exd4 4. Nxd4 Nf6 5. Nc3 Bd7 6. Bg5 Be7 7. Bc4 Nc6 8.
O-O Nxd4 9. Qxd4 O-O 10. Rfe1 Be6 11. f4 Bxc4 12. Qxc4 Qd7 13. Rad1 Qc6 14. Qxc6
bxc6 15. e5 Nd5 16. Nxd5 Bxg5 17. Nxc7 Rac8 18. fxg5 Rxc7 19. exd6 Rd7 20. Re7
Rfd8 21. Rxd7 Rxd7 22. c4 c5 23. Re1 Kf8 24. Rd1 Ke8 25. Rd5 Rb7 26. b3 Kd7 27.
Rxc5 Kxd6 28. Rd5+ Ke6 29. Kf2 Rd7 30. Rxd7 Kxd7 31. Ke3 Kd6 32. Kd4 a5 33. a3
Kc6 34. b4 axb4 35. axb4 1-0

[Event "AUTO-ADV-3886"]
[Site "http://www.queenalice.com/game.php?id=1491373"]
[Date "2017.8.24"]
[Round "1"]
[White "Santista38"]
[Black "Igor2000"]
[Result "0-1"]
[WhiteElo "1904"]
[BlackElo "1960"]

1. d4 Nf6 2. Bf4 g6 3. Nc3 Bg7 4. e3 O-O 5. Nf3 d5 6. Be2 Nc6 7. Nb5 Ne8 8. O-O
a6 9. Nc3 Nf6 10. Ne5 Na5 11. Qd2 c6 12. Nd3 Nc4 13. Qc1 Nd7 14. Ne1 e5 15. dxe5
Ndxe5 16. Bxe5 Bxe5 17. Bxc4 dxc4 18. Nf3 Bg7 19. Qd1 Bg4 20. Qxd8 Raxd8 21.
Rad1 b5 22. Rd4 Bxd4 23. Nxd4 Bd7 24. Rd1 c5 25. Nf3 Bg4 26. Rxd8 Rxd8 27. Kf1
Bf5 28. e4 Bg4 29. Nd5 Kg7 30. Ke1 Re8 31. Nd2 Bc8 32. Kf1 Bb7 33. f3 f5 34. Nc3
fxe4 35. Ncxe4 Re5 36. a3 Kf8 37. Kf2 Bxe4 38. fxe4 Kf7 39. Ke3 Kf6 40. Nf3 Re8
41. h4 h6 42. Kf4 Rd8 43. Ke3 Rd1 44. Ke2 Rb1 45. g4 g5 46. hxg5+ hxg5 47. e5+
Ke6 48. Ke3 Rxb2 49. Ke4 Rxc2 50. Nxg5+ Ke7 51. Kd5 Rg2 52. Kxc5 Rxg4 53. Nf3 c3
54. Ne1 Re4 55. Nd3 c2 56. Kd5 Rc4 57. Nc1 Rh4 0-1

[Event "AUTO-MASTER-2630"]
[Site "http://www.queenalice.com/game.php?id=1491520"]
[Date "2017.8.24"]
[Round "1"]
[White "Rutty"]
[Black "Igor2000"]
[Result "0-1"]
[WhiteElo "2083"]
[BlackElo "1974"]

1. g3 e5 2. Bg2 d5 3. e4 c6 4. exd5 cxd5 5. d4 e4 6. Ne2 Nf6 7. O-O Nc6 8. Bg5
Be7 9. Nd2 Bg4 10. h3 Bxe2 11. Qxe2 Nxd4 12. Qd1 O-O 13. c3 Ne6 14. Nb3 Nxg5 15.
Kh2 Ne6 16. f4 exf3 17. Bxf3 Nc7 18. Nd4 Qd7 19. Qb3 Ne4 20. Qc2 Nc5 21. Rae1
Rfe8 22. Bg4 Qd8 23. Qf5 Bf6 24. Rxe8+ Qxe8 25. Bd1 Qd7 26. Qh5 g6 27. Qf3 Bg7
28. b4 N5e6 29. Nb3 Nb5 30. Nc5 Nxc5 31. bxc5 Nxc3 32. Bb3 Ne4 33. Bc2 Nd2 0-1

[Event "AUTO-MASTER-2630"]
[Site "http://www.queenalice.com/game.php?id=1491521"]
[Date "2017.8.24"]
[Round "1"]
[White "Igor2000"]
[Black "Rutty"]
[Result "0-1"]
[WhiteElo "1969"]
[BlackElo "2095"]

1. e4 c5 2. Nf3 Nc6 3. d4 cxd4 4. Nxd4 Nxd4 5. Qxd4 d6 6. Nc3 Bd7 7. Bc4 Nf6 8.
O-O g6 9. Be3 Bg7 10. Qd2 O-O 11. Bh6 Bc6 12. f3 Bxh6 13. Qxh6 Qb6+ 14. Kh1 Qxb2
15. Qd2 Qb6 16. Nd5 Nxd5 17. Bxd5 Rac8 18. Rab1 Qa6 19. c4 e6 20. Bxc6 Rxc6 21.
Qb2 b6 22. Rfc1 Rfc8 23. Rd1 Qxc4 24. Qa3 Qc2 25. Qxa7 Qxb1 0-1

[Event "AUTO-MASTER-2630"]
[Site "http://www.queenalice.com/game.php?id=1491534"]
[Date "2017.8.24"]
[Round "1"]
[White "Anusha"]
[Black "Igor2000"]
[Result "1-0"]
[WhiteElo "2241"]
[BlackElo "1974"]

1. d4 Nf6 2. Nf3 g6 3. h3 Bg7 4. Bf4 d5 5. e3 O-O 6. Be2 Nc6 7. O-O Bf5 8. c4
dxc4 9. Bxc4 e6 10. Nc3 Ne4 11. g4 Nxc3 12. bxc3 Be4 13. Be2 Re8 14. Ng5 f5 15.
Nxe4 fxe4 16. Rb1 b6 17. Bb5 Qd7 18. Qa4 1-0

[Event "AUTO-MASTER-2630"]
[Site "http://www.queenalice.com/game.php?id=1491535"]
[Date "2017.8.24"]
[Round "1"]
[White "Igor2000"]
[Black "Anusha"]
[Result "1-0"]
[WhiteElo "2013"]
[BlackElo "2246"]

1. e4 c5 2. Nf3 d6 3. d4 cxd4 4. Nxd4 Nc6 5. Nc3 g6 6. Be3 Bg7 7. Nxc6 bxc6 8.
Qd2 Qc7 9. Bc4 e6 10. O-O Bb7 11. Rad1 Rd8 12. Rfe1 Ne7 13. Bh6 O-O 14. f3 d5
15. Bxg7 Kxg7 16. Qd4+ e5 17. Qf2 dxc4 18. Qxa7 Ra8 19. Qc5 Ba6 20. Rd6 Rfd8 21.
Qxe5+ Kg8 22. Rxg6+ Nxg6 23. Qxc7 Bb5 24. Nxb5 cxb5 25. a3 Rd2 26. Qb7 Rad8 27.
Qxb5 Rxc2 28. Qa4 Rdd2 29. Kh1 Rxg2 30. Qe8+ Kg7 31. Qb8 Rxb2 32. Qc7 Nh4 33.
Rg1 Rxg1+ 34. Kxg1 Nxf3+ 35. Kf1 Nxh2+ 36. Ke1 1-0

[Event "AUTO-MASTER-2630"]
[Site "http://www.queenalice.com/game.php?id=1491542"]
[Date "2017.8.24"]
[Round "1"]
[White "simonjscott"]
[Black "Igor2000"]
[Result "1-0"]
[WhiteElo "2171"]
[BlackElo "1998"]

1. e4 c5 2. Nc3 d6 3. f4 Nc6 4. Nf3 g6 5. Bc4 Bg7 6. O-O e6 7. d3 Nge7 8. Qe1
O-O 9. a3 Nd4 10. Nxd4 Bxd4+ 11. Kh1 Nc6 12. Ne2 Bg7 13. c3 d5 14. Ba2 b5 15.
Qg3 dxe4 16. dxe4 Ne7 17. Be3 c4 18. Rad1 Qc7 19. Bb1 Bb7 20. Nd4 a6 21. Qh3 Nc6
22. f5 Rad8 23. f6 Bh8 24. Qh6 Qe5 25. Bg5 Nb8 26. Rf4 Nc6 27. Rh4 1-0

[Event "AUTO-MASTER-2630"]
[Site "http://www.queenalice.com/game.php?id=1491543"]
[Date "2017.8.24"]
[Round "1"]
[White "Igor2000"]
[Black "simonjscott"]
[Result "0-1"]
[WhiteElo "1984"]
[BlackElo "2178"]

1. e4 e5 2. Nf3 Nf6 3. Nxe5 Nxe4 4. Qe2 Qe7 5. Qxe4 d6 6. d4 dxe5 7. Qxe5 Qxe5+
8. dxe5 Nc6 9. Bb5 Bd7 10. f4 Bc5 11. Nc3 O-O-O 12. Bd2 Nd4 13. Bxd7+ Rxd7 14.
O-O-O Rhd8 15. Ne4 Ne2+ 16. Kb1 Nxf4 17. Nxc5 Rxd2 18. Rxd2 Rxd2 19. g3 Rd5 20.
gxf4 Rxc5 21. Rg1 g6 22. b3 Kd7 23. Rd1+ Ke6 24. Rd4 Rd5 25. Rc4 c6 26. Kc1 f6
27. exf6 Kxf6 28. Re4 Rh5 29. Re2 Rh4 0-1

[Event "AUTO-ADV-3847"]
[Site "http://www.queenalice.com/game.php?id=1500323"]
[Date "2017.10.24"]
[Round "2"]
[White "chessman"]
[Black "Igor2000"]
[Result "0-1"]
[WhiteElo "1961"]
[BlackElo "1976"]

1. e4 c5 2. Nf3 d6 3. Bb5+ Bd7 4. Be2 Nf6 5. Nc3 Nc6 6. d3 e5 7. O-O Be7 8. Nd5
Nxd5 9. exd5 Nb4 10. c4 O-O 11. a3 Na6 12. Be3 b5 13. b3 Nc7 14. Qc2 a6 15. Rfe1
Bf5 16. h3 Re8 17. Nd2 Bg5 18. Ne4 Bxe3 19. fxe3 Rb8 20. Ng3 Bg6 21. e4 Qg5 22.
Nh1 f5 23. Bf3 Rf8 24. Qc1 Qh4 25. Qd2 f4 26. Reb1 Qd8 27. Nf2 Ne8 28. Nd1 Nf6
29. Nc3 Bh5 30. Qe2 Bxf3 31. Qxf3 Qa5 32. Ne2 Qd2 33. Kf2 Qa5 34. Rb2 Qb6 35.
Rab1 Qa7 36. Nc1 Rb7 37. Ke2 Rfb8 38. Na2 a5 39. Nc3 b4 40. Nb5 Qb6 41. a4 Rf7
42. Rg1 g6 43. Rbb1 Nh5 44. Qg4 Re8 45. Rgf1 Ng3+ 46. Kf3 Nxf1 47. Rxf1 Qd8 48.
Ke2 Qf6 49. Qf3 Rd8 50. Rf2 Rdd7 51. Qg4 Kg7 52. Rf1 Rfe7 53. Rh1 h5 54. Qf3 Kh6
55. g3 Rf7 56. g4 Qh4 57. Rg1 Rg7 58. g5+ Kh7 59. Rg2 Rgf7 60. Rg1 Kg8 61. Rg2
Kf8 62. Rg1 Rd8 63. Rg2 Rb7 64. Rg1 Ke7 65. Rg2 Rdd7 66. Rg1 Rb8 67. Rg2 Kd8 68.
Rg1 Kc8 69. Rg2 Kb7 70. Rg1 Ka6 71. Rg2 Rb6 72. Nxd6 Rbxd6 73. Rg1 Kb7 74. Rg2
Kc8 75. Rg1 Kd8 76. Rg2 Ke8 77. Rg1 Rf7 78. Kf1 Ke7 79. Qg2 Qg3 0-1

[Event "AUTO-ADV-3847"]
[Site "http://www.queenalice.com/game.php?id=1500324"]
[Date "2017.10.24"]
[Round "2"]
[White "Igor2000"]
[Black "chessman"]
[Result "1-0"]
[WhiteElo "1996"]
[BlackElo "1801"]

1. e4 e6 2. d4 d5 3. exd5 exd5 4. Nf3 Nf6 5. Bd3 Be7 6. O-O c6 7. Nc3 O-O 8. Bg5
Re8 9. Re1 Be6 10. Nh4 Nbd7 11. a3 h6 12. Bd2 Ne4 13. Bxe4 Bxh4 14. Bd3 Bf6 15.
Be3 a6 16. Ne2 Nf8 17. Qd2 Bg5 18. Bxg5 hxg5 19. c3 Qf6 20. Ng3 Ng6 21. Nh5 Qe7
22. Bf5 Nf8 23. Ng3 f6 24. Re3 Qd7 25. Bxe6+ Rxe6 26. Rae1 Rae8 27. h3 Ng6 28.
b4 Rxe3 29. Rxe3 Rxe3 30. Qxe3 Nf4 31. Ne2 Nxe2+ 32. Qxe2 g6 33. Qd3 Kg7 34. Kh2
Qe6 35. f3 f5 36. g4 Kf6 37. Kg3 Qd6+ 38. Kg2 Qf4 39. a4 fxg4 40. fxg4 Ke6 41.
Qxg6+ Qf6 42. Qxf6+ Kxf6 43. a5 Kg6 44. Kg3 Kh6 45. h4 Kg6 46. hxg5 Kxg5 47. Kf3
1-0

[Event "AUTO-ADV-3847"]
[Site "http://www.queenalice.com/game.php?id=1500327"]
[Date "2017.10.24"]
[Round "2"]
[White "Igor2000"]
[Black "Paraucho"]
[Result "1-0"]
[WhiteElo "1990"]
[BlackElo "2170"]

1. e4 c6 2. d4 d5 3. exd5 cxd5 4. Nf3 Bg4 5. Bf4 e6 6. Be2 Nc6 7. O-O Bxf3 8.
Bxf3 Nf6 9. Nc3 Qb6 10. b3 Nxd4 11. Be3 Nxf3+ 12. Qxf3 Bd6 13. Bxb6 1-0

[Event "AUTO-ADV-3847"]
[Site "http://www.queenalice.com/game.php?id=1500328"]
[Date "2017.10.24"]
[Round "2"]
[White "Paraucho"]
[Black "Igor2000"]
[Result "1-0"]
[WhiteElo "2163"]
[BlackElo "2006"]

1. e4 c5 2. Bc4 e6 3. h3 a6 4. c3 b5 5. Bb3 Bb7 6. Qe2 d6 7. Nf3 Nd7 8. O-O Ngf6
9. Rd1 Nxe4 10. d4 c4 11. Bc2 Nef6 12. Bg5 Be7 13. Nbd2 O-O 14. Nf1 Nd5 15. Bc1
Re8 16. Bb1 Nf8 17. a3 Ng6 18. Qc2 Nf6 19. N3h2 Nh4 20. Ne3 Qc7 21. f3 Ng6 22.
Neg4 Nxg4 23. Nxg4 e5 24. dxe5 dxe5 25. Be3 Bc5 26. Bxc5 Qxc5+ 27. Qf2 Qxf2+ 28.
Nxf2 Ne7 29. Bc2 f6 30. Ne4 Bxe4 31. Bxe4 Rad8 32. Bb7 a5 33. Ba6 Rb8 34. Rd7
Ng6 35. Rd5 Nf4 36. Rxb5 Rxb5 37. Bxb5 Rc8 38. a4 Nd3 39. Rb1 Nc5 40. Bxc4+ Kf8
41. Bb5 Nb3 42. c4 Ke7 43. Rd1 Rc7 44. Kf2 Nd4 45. Rd3 Nf5 46. b4 axb4 47. Rb3
Nd6 48. Rxb4 Nb7 49. Rb2 Nc5 50. Ra2 Ra7 51. a5 Ke6 52. a6 f5 53. g3 g5 54. h4
h6 55. hxg5 hxg5 56. Ra1 f4 57. Rh1 Kf5 58. g4+ Kg6 59. Rd1 Ne6 60. Rd6 Kf6 61.
Rb6 Ra8 62. Bd7 1-0

[Event "AUTO-ADV-3879"]
[Site "http://www.queenalice.com/game.php?id=1507778"]
[Date "2017.12.12"]
[Round "2"]
[White "The_Clown"]
[Black "Igor2000"]
[Result "0-1"]
[WhiteElo "1759"]
[BlackElo "1998"]

1. d4 Nf6 2. c4 g6 3. Nc3 Bg7 4. e4 d6 5. h3 O-O 6. Nf3 c5 7. d5 e6 8. Bg5 Qa5
9. Bxf6 Bxf6 10. Qc2 exd5 11. cxd5 Re8 12. Be2 Bxc3+ 13. bxc3 Rxe4 14. O-O Re8
15. Rfe1 Nd7 16. a4 Nf6 17. Bb5 Bd7 18. Bxd7 Nxd7 19. Rxe8+ Rxe8 20. c4 Qd8 21.
Rb1 b6 22. Re1 Nf6 23. Rxe8+ Qxe8 24. g3 Qe4 0-1

[Event "AUTO-ADV-3879"]
[Site "http://www.queenalice.com/game.php?id=1507779"]
[Date "2017.12.12"]
[Round "2"]
[White "Igor2000"]
[Black "The_Clown"]
[Result "1-0"]
[WhiteElo "1991"]
[BlackElo "1766"]

1. e4 e5 2. Nf3 d6 3. d4 Bg4 4. Be2 Nf6 5. Nc3 exd4 6. Nxd4 Bxe2 7. Qxe2 Be7 8.
O-O O-O 9. Bg5 c5 10. Nf5 Nbd7 11. Rad1 h6 12. Bh4 Re8 13. Nxd6 Bxd6 14. Rxd6 g5
15. Bg3 Qe7 16. f3 h5 17. Rdd1 h4 18. Bf2 b6 19. Nd5 Nxd5 20. Rxd5 Nf6 21. Rd2
Rad8 22. Rfd1 Rxd2 23. Rxd2 Nh5 24. Be3 f6 25. Qd1 1-0

[Event "AUTO-ADV-3879"]
[Site "http://www.queenalice.com/game.php?id=1507782"]
[Date "2017.12.12"]
[Round "2"]
[White "Vilnius"]
[Black "Igor2000"]
[Result "1-0"]
[WhiteElo "2041"]
[BlackElo "2004"]

1. e4 c5 2. Bc4 e6 3. Nc3 Nc6 4. Nf3 a6 5. O-O b5 6. Be2 Nf6 7. d4 cxd4 8. Nxd4
Nxd4 9. Qxd4 Bb7 10. a3 Be7 11. Bf3 O-O 12. e5 Ne8 13. Bxb7 1-0

[Event "AUTO-ADV-3879"]
[Site "http://www.queenalice.com/game.php?id=1507783"]
[Date "2017.12.12"]
[Round "2"]
[White "Igor2000"]
[Black "Vilnius"]
[Result "0-1"]
[WhiteElo "1989"]
[BlackElo "2065"]

1. e4 e5 2. Nf3 d6 3. d4 exd4 4. Nxd4 a6 5. Nc3 Nf6 6. Bc4 b5 7. Bb3 c5 8. Ndxb5
axb5 9. Nxb5 Qa5+ 10. Nc3 Nxe4 11. Qe2 Bb7 12. Bd2 Qd8 13. Nxe4 Be7 14. O-O h6
15. Bf4 O-O 16. Nc3 Nc6 17. Qg4 Bg5 18. Bxg5 Qxg5 19. Qxg5 hxg5 20. Rad1 Rad8
21. Nb5 Ba6 22. a4 Bxb5 23. axb5 Nd4 24. Ba4 Ra8 25. Ra1 Ra5 26. c4 Rfa8 0-1

[Event "AUTO-ADV-3879"]
[Site "http://www.queenalice.com/game.php?id=1507786"]
[Date "2017.12.12"]
[Round "2"]
[White "Igor2000"]
[Black "EcheKiel"]
[Result "1-0"]
[WhiteElo "1993"]
[BlackElo "1820"]

1. e4 e5 2. Nf3 Nc6 3. d4 Qf6 4. d5 Nd4 5. Nxd4 exd4 6. Bc4 Bb4+ 7. Bd2 Bc5 8.
O-O c6 9. a3 Ne7 10. c3 d6 11. Re1 dxc3 12. Bxc3 Qxf2+ 13. Kh1 Bd7 14. Rf1 Qh4
15. dxc6 Nxc6 16. Bxg7 Be6 17. Bxe6 fxe6 18. Bxh8 Bf2 19. Qxd6 e5 20. Bf6 Qf4
21. Qd2 Qxf6 22. Qxf2 Qg7 23. Qf5 Nd4 24. Qh5+ Ke7 25. Nc3 Ke6 26. Na4 Nb3 27.
Qh3+ Kd6 28. Qxb3 Qg6 29. Qd5+ Ke7 30. Qxb7+ 1-0

[Event "AUTO-ADV-3879"]
[Site "http://www.queenalice.com/game.php?id=1507787"]
[Date "2017.12.12"]
[Round "2"]
[White "EcheKiel"]
[Black "Igor2000"]
[Result "0-1"]
[WhiteElo "1827"]
[BlackElo "2002"]

1. g3 e5 2. e4 Nf6 3. Qf3 Bc5 4. Nc3 d6 5. h3 Nc6 6. Bb5 Bd7 7. Bxc6 Bxc6 8. Nd5
Nxd5 9. exd5 Bb5 10. Ne2 c6 11. d3 cxd5 12. Qg4 O-O 13. Bh6 Qf6 14. Qg5 Qxh6 15.
Qe7 Ba6 16. f4 exf4 17. gxf4 Rfe8 18. Qg5 Qxg5 19. fxg5 Re5 20. h4 Rae8 21. Rh2
Bd4 22. Kd2 Bxb2 23. Rf1 Ba3 24. g6 hxg6 25. Rf3 Bc5 26. c3 R8e7 27. Ng3 Bb6 28.
d4 R5e6 29. h5 gxh5 30. Rxh5 Re2+ 31. Nxe2 Bxe2 32. Re3 Rxe3 33. Rh2 Re7 34.
Rxe2 Rxe2+ 35. Kxe2 g5 0-1

[Event "AUTO-ADV-3886"]
[Site "http://www.queenalice.com/game.php?id=1511366"]
[Date "2018.1.11"]
[Round "2"]
[White "bouley"]
[Black "Igor2000"]
[Result "1/2-1/2"]
[WhiteElo "2015"]
[BlackElo "1973"]

1. e4 c5 2. Nf3 d6 3. d4 cxd4 4. Nxd4 Nf6 5. Nc3 a6 6. Be2 e5 7. Nf3 Be6 8. O-O
Be7 9. Bg5 O-O 10. Bxf6 Bxf6 11. Nd5 Nd7 12. c4 g6 13. Nxf6+ Nxf6 14. Qc2 Rc8
15. b3 Qa5 16. Ng5 Bg4 17. f3 Bd7 18. Rfd1 h6 19. Nh3 Kg7 20. Nf2 Qb6 21. Qd2
Rc6 22. Kf1 Rd8 23. Nd3 Be6 24. Nb4 Rc7 25. Nc2 Rcd7 26. g4 Qc6 27. Qe3 Qc5 28.
Qxc5 dxc5 29. Rxd7 Rxd7 30. Rd1 Rxd1+ 31. Bxd1 h5 32. h3 b5 33. cxb5 axb5 34.
Ne3 Kf8 35. Be2 b4 36. Bc4 Bxc4+ 37. Nxc4 Nd7 38. Kf2 hxg4 39. hxg4 Ke7 40. Ke3
g5 41. Na5 Ke6 42. Nc4 f6 43. Kd3 Ke7 44. Ke3 Ke6 1/2-1/2

[Event "AUTO-ADV-3886"]
[Site "http://www.queenalice.com/game.php?id=1511367"]
[Date "2018.1.11"]
[Round "2"]
[White "Igor2000"]
[Black "bouley"]
[Result "1-0"]
[WhiteElo "1975"]
[BlackElo "2016"]

1. e4 Nc6 2. d4 d5 3. exd5 Qxd5 4. Nf3 Nf6 5. Nc3 Qh5 6. Bc4 e6 7. O-O Bd6 8.
Ne2 Ng4 9. Ng3 Bxg3 10. fxg3 O-O 11. c3 b6 12. h3 Nf6 13. Bf4 Ne4 14. Bxc7 Nxg3
15. Bxg3 Bb7 16. Ne5 Qxd1 17. Raxd1 Nxe5 18. Bxe5 Rac8 19. Bb5 a6 20. Ba4 Bd5
21. Bb3 Bxb3 22. axb3 f6 23. Bg3 f5 24. Rfe1 Rfe8 25. Re5 Kf7 26. Ra1 a5 27. Ra4
g5 28. Rb5 Rc6 29. b4 f4 30. Bf2 axb4 31. Raxb4 Rb8 32. Rxg5 f3 33. gxf3 Kf6 34.
Rh5 Kg7 35. Kh2 Rf8 36. Kg3 h6 37. d5 exd5 38. Rxd5 Rg6+ 39. Rg4 Rf6 40. Bd4
Rxg4+ 41. hxg4 Kg6 42. Bxf6 Kxf6 43. Rd6+ Kg5 44. f4# 1-0

[Event "AUTO-ADV-3886"]
[Site "http://www.queenalice.com/game.php?id=1511370"]
[Date "2018.1.11"]
[Round "2"]
[White "Igor2000"]
[Black "Pin"]
[Result "0-1"]
[WhiteElo "1988"]
[BlackElo "2020"]

1. e4 c5 2. Nf3 d6 3. d4 cxd4 4. Nxd4 Nf6 5. Nc3 a6 6. Bc4 Qc7 7. Bb3 e6 8. O-O
Be7 9. Be3 O-O 10. Qf3 Nc6 11. Nxc6 bxc6 12. Qg3 Bb7 13. Bh6 Ne8 14. Rad1 Bf6
15. Rd3 a5 16. a3 Ba6 17. Rf3 Be5 18. Qg4 Bxf1 19. Kxf1 c5 20. Re3 Rb8 21. f4
Bd4 22. Rg3 c4 23. Ba2 Rxb2 0-1

[Event "AUTO-ADV-3886"]
[Site "http://www.queenalice.com/game.php?id=1511371"]
[Date "2018.1.11"]
[Round "2"]
[White "Pin"]
[Black "Igor2000"]
[Result "1-0"]
[WhiteElo "2004"]
[BlackElo "2004"]

1. e4 c5 2. Nc3 Nc6 3. f4 g6 4. Nf3 Bg7 5. Bb5 Nd4 6. Nxd4 Bxd4 7. d3 Bg7 8. O-O
a6 9. Bc4 b5 10. Bb3 e6 11. f5 exf5 12. exf5 gxf5 13. Rxf5 Nf6 14. Bg5 Qb6 15.
Qe1+ Kf8 16. Bxf6 Bxf6 17. Nd5 Qa7 18. Nxf6 c4+ 19. Kh1 cxb3 20. Qe8+ Kg7 21.
Nh5+ Kh6 22. Qxf7 Qd4 23. c3 1-0

[Event "Let's Play Chess!"]
[Site "http://www.queenalice.com/game.php?id=1514870"]
[Date "2018.2.6"]
[Round "-"]
[White "george941"]
[Black "Igor2000"]
[Result "0-1"]
[WhiteElo "1763"]
[BlackElo "2011"]

1. d4 g6 2. e4 Bg7 3. e5 e6 4. Nf3 Nc6 5. Bg5 Nge7 6. Bc4 d5 7. exd6 Qxd6 8. O-O
Nxd4 9. Bxe7 Nxf3+ 10. Qxf3 Qxe7 11. Nc3 O-O 12. Rad1 Rb8 13. Rd3 Bd7 14. Rfd1
Bc6 15. Qe3 Qh4 16. Qxa7 Qxc4 17. Qe3 Qg4 18. Qg3 Qxg3 19. Rxg3 Rbd8 20. h3
Rxd1+ 21. Nxd1 Rd8 22. Rd3 Rxd3 23. cxd3 Bb5 24. b3 Bxd3 25. Ne3 Bb1 26. a4 Ba2
27. b4 Bc3 28. b5 Bb3 29. Kh2 Bxa4 0-1